Online katalóg knižníc regiónu Turca

Môj život na tanieri (Record no. 22378)

MARC details
000 -LEADER
fixed length control field 01491cam a2200409 a 4500
001 - CONTROL NUMBER
control field 22378
003 - CONTROL NUMBER IDENTIFIER
control field VRT
005 - DATE AND TIME OF LATEST TRANSACTION
control field 20260327082813.0
008 - FIXED-LENGTH DATA ELEMENTS--GENERAL INFORMATION
fixed length control field 240226s2004 xo gr 000 f slo
015 ## - NATIONAL BIBLIOGRAPHY NUMBER
National bibliography number SNBA2005/05-01729
020 ## - INTERNATIONAL STANDARD BOOK NUMBER
International Standard Book Number 8055107475
Qualifying information (viazané)
035 ## - SYSTEM CONTROL NUMBER
System control number SNK000436841
035 ## - SYSTEM CONTROL NUMBER
System control number urn:nbn:sk:snk-am3j35p
035 ## - SYSTEM CONTROL NUMBER
System control number D6029E73-440C-4389-80DB-1E85D3A7A27A
035 ## - SYSTEM CONTROL NUMBER
System control number urn:nbn:sk:snk-am00gi3l
039 #9 - LEVEL OF BIBLIOGRAPHIC CONTROL AND CODING DETAIL [OBSOLETE]
Level of rules in bibliographic description 202402261931
Level of effort used to assign nonsubject heading access points VLOAD
Level of effort used to assign subject headings 202205091542
Level of effort used to assign classification VLOAD
Level of effort used to assign subject headings 202204221217
Level of effort used to assign classification VLOAD
Level of effort used to assign subject headings 202202251738
Level of effort used to assign classification AUTHORITY
040 ## - CATALOGING SOURCE
Original cataloging agency SNK
Language of cataloging slo
Transcribing agency SNK
Description conventions AACR2
041 1# - LANGUAGE CODE
Language code of text/sound track or separate title slo
Language code of original eng
044 ## - COUNTRY OF PUBLISHING/PRODUCING ENTITY CODE
MARC country code xo
ISO country code SK
072 #7 - SUBJECT CATEGORY CODE
Subject category code 821.111-3
Subject category code subdivision Anglická próza, anglicky písaná
Source konspekt
080 ## - UNIVERSAL DECIMAL CLASSIFICATION NUMBER
Universal Decimal Classification number 821.111-31
Edition identifier 2011
100 1# - MAIN ENTRY--PERSONAL NAME
Personal name Knight, India,
Dates associated with a name 1965-
Relationship aut
240 10 - UNIFORM TITLE
Uniform title My life on a plate
Language of a work Slovensky
245 10 - TITLE STATEMENT
Title Môj život na tanieri
Statement of responsibility, etc. India Knightová ; [z anglického originálu preložila Zdenka Buntová]
250 ## - EDITION STATEMENT
Edition statement [1. vyd.]
260 ## - PUBLICATION, DISTRIBUTION, ETC.
Place of publication, distribution, etc. Bratislava
Name of publisher, distributor, etc. Ikar
Date of publication, distribution, etc. 2004
300 ## - PHYSICAL DESCRIPTION
Extent 239 strán
Dimensions 21 cm
655 #7 - INDEX TERM--GENRE/FORM
Genre/form data or focus term anglické romány
Source of term SNKPH
700 1# - ADDED ENTRY--PERSONAL NAME
Personal name Buntová, Zdenka,
Dates associated with a name 1951-
Relationship trl
910 ## - USER-OPTION DATA (OCLC)
User-option data snk
942 ## - ADDED ENTRY ELEMENTS (KOHA)
Source of classification or shelving scheme Dewey Decimal Classification
Koha item type Krásna literatúra pre dospelých
Suppress in OPAC No
949 ## - LOCAL PROCESSING INFORMATION (OCLC)
6 2889122809
a savukPV 7481
949 ## - LOCAL PROCESSING INFORMATION (OCLC)
6 273K0493431
9 1
a svkpoA 191900
b svkpo479345
949 ## - LOCAL PROCESSING INFORMATION (OCLC)
6 17A0442831
9 P60, <03>, [BOOK], {603}, -B-
a snkSC 117249
b snkKSP 11882/2004
s 6100:20210720
949 ## - LOCAL PROCESSING INFORMATION (OCLC)
6 17A0453057
9 P60, <04>, [BOOK], {604}
a snkSC 117249 D1
b snkKSP 15580/2004
949 ## - LOCAL PROCESSING INFORMATION (OCLC)
6 270001000249864
a svkbbA 110410
b svkbb657113
Holdings
Stav vyradenia Strata Poškodenie Spôsob nadobudnutia Domovská knižnica Aktuálna knižnica Dátum nadobudnutia Total checkouts Čiarový kód exemplára Date last seen Typ exemplára
      Dar Obecná knižnica Turčianska Štiavnička Obecná knižnica Turčianska Štiavnička 27.03.2026   4738000777 27.03.2026 Krásna literatúra pre dospelých
Projekt je podporený Slovenskou asociáciou knižníc
Prevádzkuje Turčianska knižnica Martin 2026